000 00705nam a22002537a 4500
001 000683
003 DO-SdBNP
005 20171117131846.0
007 000683
008 151210b 2004 sp 00| 0 spa d
020 _a9788434150607
040 _aBPMSU
_bspa
_cBPMSU
082 _a823.5
_bD314r 2004
100 1 _aDefoe, Daniel,
_d1660-1731
240 1 0 _aRobinson Crusoe /
_lInglés
245 1 3 _aRobinso Crusoe /
_cDaniel Defoe ; traducción Julio Cortázar
260 _aBarcelona ;
_bRandom house Mondadori,
_c2004.
300 _a596 p.;
_c19 cm.
700 1 2 _aCortázar, Julio
_etrad.
910 _a00144
942 _2ddc
_cBK
945 _aInventariado, 2017/MFF
956 _aYngrid Lockward
_b10
999 _c11435
_d11435